Представление документа в формате RUSMARC

ПолеНазваниеЗначение
  Тип записи c
  Библиографический уровень m
001 Контрольный номер RU/УОНБ/EK_N/322865698
005 Дата корректировки 20250717133623.7
010 Индекс ISBN __
9 Тираж 2940 экз.
013 Номер (ISMN) __
d Цена 6 к.
071 Издательские номер (звукозапись и ноты) 21
a Номер, присвоенный агентством 3439
100 Данные общей обработки __
a Данные общей обработки 20140429d1967 u y0rusy0103||||ca
101 Язык документа 0_
a Язык текста rus
f Язык титульного листа rus
102 Страна публикации __
a Страна публикации RU
125 Кодированные данные звукозаписи и нотных изданий __
a Форма изложения нотного текста с|
128 Кодированные данные (звукозаписи-физические характеристики) __
a Кодированные данные: Музыкальная форма и тональность или лад li
c Инструменты или голоса, рекомендуемые для солистов (устаревшее) ve||
c Инструменты или голоса, рекомендуемые для солистов (устаревшее) ka||
200 Заглавие и сведения об ответственности 1_
a Заглавие Песня темного леса
e Сведения, относящиеся к заглавию Темный лес шумел...
e Сведения, относящиеся к заглавию для баритона в сопровожд. фп.
f Первые сведения об ответственности А. Бородин
g Последующие сведения об ответственности [слова А. Бородина]
210 Выходные данные 1_
a Место издания Москва
c Издательство Музыка
d Дата издания 1967
215 Физическое описание __
a Объем 5 с.
d Формат 29 см
464 Аналитический уровень _0
1 2001
a Песня темного леса
e Темный лес шумел...
1 700 1
a Бородин
b А.
4 230
1 702 1
a Бородин
b А.
4 520
512 Заглавие обложки 1_
a Заглавие обложки Песня темного леса
606 Тематические рубрики 0_
a Основная рубрика Вокальные произведения русских композиторов
x Основная подрубрика Баритон (голос)
610 Ключевые слова 0_
a Ключевые слова баритон (голос)
610 Ключевые слова 0_
a Ключевые слова вокальные произведения русских композиторов
686 Индексы других классификаций __
a Классификационный индекс 85.943.2
2 Код системы rubbk
700 Автор _1
a Фамилия Бородин
b Имя (инициалы) А. П.
g Полное личное имя Александр Порфирьевич
702 Вторичная интеллектуальная ответственность _1
a Фамилия Бородин
b Имя (инициалы) А. П.
g Полное личное имя Александр Порфирьевич
4 Код отношения 520
801 Источник записи _0
a Страна RU
b Организация Ульяновская ОНБ
c Дата составления 20140429
g Правила каталогизации PSBO
801 Источник записи _1
a Страна RU
b Организация Ульяновская ОНБ
c Дата составления 20140429
901 Тип документа __
t Тип документа m
909 Создатель записи __
a Создатель записи Грязнова И. Е.
910 Корректоры записи __
a Корректор записи Илямакова
938 Служебная информация __
a Имя БД noti
b Имя библиотеки УОНБ
c Имя АИБС МАРК-SQL
d Номер DOC_ID в БД 7420